| 000 | 00407nab a2200145Ia 4500 | ||
|---|---|---|---|
| 003 | ES-SlBCS | ||
| 005 | 20210601135041.0 | ||
| 008 | 140529s1995 xxu||||| |||| 00| 0 spa d | ||
| 041 | _aspa | ||
| 100 | 1 |
_aZoletto, Davide _9193950 |
|
| 245 | 0 | 0 |
_aLe bucce di Bateson _c Davide Zoletto |
| 600 | 1 | 4 |
_aBateson, Gregory _d1904-1980 _9139612 |
| 773 | 0 |
_tAut Aut _gnº. 269, 1995, págs. 77-91 _wRev1479 |
|
| 942 | _cAR | ||
| 999 |
_c622166 _d622166 |
||